期刊信息 |
| 索取号 |
O15/JOCT
|
| 题名 |
Journal of Combinatorial Theory
|
| 作者 |
|
| 分册号 |
|
| 分册名 |
|
| 出版地 |
|
| 出版者 |
Academic Press, Inc
|
| 标准刊号 |
0097-3165
|
| 出版频率 |
月刊
|
| 中图法分类 |
O15
|
| 主题词 |
代数; 数论; 组合数学
|
| 电子资源 | |
| |
|
| 000 | 00439nas0 2200193 45 | |
| 001 | 0738732191 | |
| 005 | 20131118104139.48 | |
| 011 | @a0097-3165 | |
| 100 | @a20070415d km y0chiy0120 ea | |
| 101 | 0 | @aeng |
| 200 | 1 | @aJournal of Combinatorial Theory |
| 210 | @cAcademic Press, Inc | |
| 326 | @a月刊 | |
| 606 | 0 | @a代数 |
| 606 | 0 | @a数论 |
| 606 | 0 | @a组合数学 |
| 690 | @aO15@v4 | |
| 801 | 0 | @aCN@bPFT@c20070415 |
| 905 | @aTJWY@dO15@eJOCT | |
| Journal of Combinatorial Theory.-Academic Press, Inc |
| ISSN 0097-3165 |
| ● |
| 相关链接: |
|
|
|
|